000 00984nam a2200229Ia 4500
001 279
003 GE_BSU
008 181216s||||||||xx |||||||||||||| ||und||
040 _cGE_BSU
080 _a616.31(075.8)(035)
100 _aთურმანაულ, გივი
245 _aსტომატოლოგიური დაავადებების სამკურნალო ფარმაკოლოგიური პრეპარატები
245 _bექიმი–სტომატოლოგის ცნობარი
260 _aთბილისი
260 _bციც ნამი
260 _c2005
300 _a177გვ.
541 _h20 ლ.
653 _aსტომატოლოგია
653 _aსტომატოლოგიური დაავადებების სამკურნალო ფარმაკოლოგიური პრეპარატები
942 _cBK
999 _c34529
_d34529